000 00928nam0a22002531 4500
001 rc\3032898
005 20250806201705.0
035 _a(NLR Aleph) 007173736
090 _a13727
_c13727
100 _a20111003d1941 u y0rusy50 ca
101 0 _arus
102 _aRU
105 _aa g |||||
200 1 _aСправочник мастера
_fОтв. ред. С.В. Зегельман
_gНар. ком. среднего машиностроения СССР. Харьковск. гос. союзный завод
210 _aХарьков
_cХарьковск. гос. союзный завод
_d1941
215 _a208 с.
_cтабл., схем.
_d16 см
702 1 _aЗегельман
_bС.В.
_4340
801 0 _aRU
_bNLR
_gpsbo
801 1 _aRU
_bELAR
_2rusmarc
852 _aNLR
_jЭк40 Г-1/2
942 _cBOOK
945 _aРоссийская национальная библиотека
980 _aNB
980 _aBV